| 000 | 00387nam a22001457a 4500 | ||
|---|---|---|---|
| 020 | _a9798184230870 | ||
| 082 |
_aM301 _bKHA/M |
||
| 100 |
_aKhader U A _951564 |
||
| 245 |
_aMalayalathinte suvarna kathakal/ _cby U A Khader. |
||
| 260 |
_aThrissur: _bGreen Books, _c2015. |
||
| 300 | _a264p. | ||
| 650 |
_aLiterature Malayalam _vStories _951565 |
||
| 650 |
_aLiterature _951566 |
||
| 942 | _cBK | ||
| 999 |
_c72421 _d72421 |
||